[Event "BL 0910 (Women)"]
[Site "Germany"]
[Date "2010.03.28"]
[Round "11.1"]
[White "Kononenko, Tatiana"]
[Black "Mueller Ludwig, Kristin"]
[Result "1-0"]
[WhiteElo "2377"]
[BlackElo "2151"]
[PlyCount "71"]
[EventDate "2009.11.07"]
[EventType "team-tourn"]
[EventRounds "11"]
[EventCountry "GER"]
[SourceTitle "CBM 133 Extra"]
[Source "ChessBase"]
[SourceDate "2010.01.05"]
[SourceVersion "1"]
[SourceVersionDate "2010.01.05"]
[SourceQuality "1"]
[WhiteTeam "Halle Volksbank (W)"]
[BlackTeam "Erfurt Medizin (W)"]
[WhiteTeamCountry "GER"]
[BlackTeamCountry "GER"]

1. d4 Nf6 2. c4 g6 3. Nc3 Bg7 4. e4 d6 5. Bd3 0-0 6. Nge2 Nc6 7. 0-0 e5 8. d5 Nd4 9. Rb1 c5 10. dxc6 bxc6 11. b4 Ne8 12. Nxd4 exd4 13. Ne2 Nc7 14. Qc2 Qe7 15. Bf4 c5 16. bxc5 dxc5 17. Rfe1 Ne6 18. Bg3 Bb7 19. f4 Bc6 20. f5 Nc7 21. Nf4 Be5 22. Nd5 Qd6 23. Bxe5 Qxe5 24. Qd2 Rfb8 25. Rbc1 a5 26. Qh6 Ne8 27. Qh4 Kg7 28. g4 Rb2 29. g5 Bxd5 30. exd5 Qd6 31. f6+ Kg8 32. Rc2 Rxc2 33. Bxc2 h5 34. Re7 Rb8 35. Bxg6 fxg6 36. Qe4 1-0

[Event "BL 0910 (Women)"]
[Site "Germany"]
[Date "2010.03.14"]
[Round "9.1"]
[White "Zatonskih, Anna"]
[Black "Kononenko, Tatiana"]
[Result "1/2-1/2"]
[WhiteElo "2466"]
[BlackElo "2377"]
[PlyCount "60"]
[EventDate "2009.11.07"]
[EventType "team-tourn"]
[EventRounds "11"]
[EventCountry "GER"]
[SourceTitle "CBM 133 Extra"]
[Source "ChessBase"]
[SourceDate "2010.01.05"]
[SourceVersion "1"]
[SourceVersionDate "2010.01.05"]
[SourceQuality "1"]
[WhiteTeam "Baden-Baden (W)"]
[BlackTeam "Halle Volksbank (W)"]
[WhiteTeamCountry "GER"]
[BlackTeamCountry "GER"]

1. d4 d5 2. c4 c6 3. Nf3 Nf6 4. Nc3 a6 5. a4 e6 6. Bg5 Be7 7. e3 a5 8. Be2 Na6 9. 0-0 0-0 10. Qb3 h6 11. Bh4 Nb4 12. Na2 Nxa2 13. Qxa2 dxc4 14. Qxc4 Nd7 15. Bg3 Bb4 16. Rfd1 Qe7 17. Rac1 Nb6 18. Qc2 Bd7 19. e4 Rac8 20. Ne5 Be8 21. Nc4 Nxc4 22. Bxc4 Bd7 23. Qd3 Rfd8 24. Bb3 c5 25. e5 cxd4 26. Bc2 g6 27. Bf4 Qh4 28. Bg3 Qe7 29. Bf4 Qh4 30. Bg3 Qe7 1/2-1/2

[Event "BL 0910 (Women)"]
[Site "Germany"]
[Date "2010.03.13"]
[Round "8.1"]
[White "Kononenko, Tatiana"]
[Black "Heinatz, Gundula"]
[Result "1/2-1/2"]
[WhiteElo "2377"]
[BlackElo "2232"]
[PlyCount "74"]
[EventDate "2009.11.07"]
[EventType "team-tourn"]
[EventRounds "11"]
[EventCountry "GER"]
[SourceTitle "CBM 133 Extra"]
[Source "ChessBase"]
[SourceDate "2010.01.05"]
[SourceVersion "1"]
[SourceVersionDate "2010.01.05"]
[SourceQuality "1"]
[WhiteTeam "Halle Volksbank (W)"]
[BlackTeam "Karlsruhe 1853 (W)"]
[WhiteTeamCountry "GER"]
[BlackTeamCountry "GER"]

1. d4 Nf6 2. c4 g6 3. Nc3 d5 4. cxd5 Nxd5 5. Bd2 Bg7 6. e4 Nb6 7. Be3 Nc6 8. Nf3 Bg4 9. d5 Ne5 10. Be2 Bxf3 11. gxf3 0-0 12. Qb3 Qc8 13. h4 c5 14. h5 Rd8 15. 0-0-0 c4 16. Qc2 e6 17. Kb1 Nd3 18. Bxd3 cxd3 19. Rxd3 Qc4 20. h6 Bf6 21. Rhd1 Rac8 22. Qd2 Qb4 23. a3 Qf8 24. dxe6 fxe6 25. Bxb6 axb6 26. Qe3 Rxd3 27. Rxd3 Rc5 28. f4 Bxc3 29. Rxc3 Qxh6 30. Rd3 Qh1+ 31. Ka2 Qc1 32. Rd8+ Kf7 33. Rd7+ Kg8 34. Rd8+ Kg7 35. Rd7+ Kg8 36. Rd8+ Kg7 37. Rd7+ Kg8 1/2-1/2